00530nam a2200133Ia 4500008004100000100002900041245011000070245006600180260005300246260001300299300000800312650001500320856006100335170221s9999 xx 000 0 und d aShafawaty Mohamad Shabri 4aThe Effects of Internal Control Systems on Cooperative’s Profi tability: A Case of Koperasi ABC Berhad  cShafawaty Mohamad Shabri, Ram Al Jaffri Saad, Azizi Abu Bakar bInternational Review of Management and Marketing cMay 2012 a1:1 xMarketing. uhttp://www.econjournals.com/index.php/irmm/issue/view/97